000 02204cam a22005174i 4500
003 PE-LiUPU
005 20250731165605.0
008 150706s r 000 0 d
020 _a9789706133540
035 _a(Sirsi) i9789706133540
040 _aPE-LiUPU
_bspa
_cPE-LiUPU
_erda
049 _aPRUA
082 0 4 _a001.422 602
_bS31
_221
100 1 _aSchmelkes, Corina,
_eautor.
245 1 0 _aManual para la presentación de anteproyectos e informes de investigación (tesis) /
_cCorina Schmelkes.
250 _a2a
264 1 _aMéxico :
_bOxford,
_c1998 reimp. 2007.
300 _a201 páginas ;
_c23 centímetros
336 _atext
_2rdacontent
337 _aunmediated
_2rdamedia
338 _avolume
_2rdacarrier
505 0 _aEl anteproyecto: Planeación -- Título del anti proyecto -- Antecedentes -- Definición del problema -- Justificación -- Objetivo -- Supuesto o Hipótesis -- Esquema de fundamentos -- Método -- Cronogramas -- Presupuesto -- Difusión -- Consultas -- Formato con procesador de palabras -- El informe final -- Agradecimiento -- Título -- Resumen -- Índice -- Introducción al informe final -- Análisis de fundamentos -- Procedimiento -- Análisis de resultado finales -- Conclusiones -- Recomendaciones -- Consultas realizadas -- Anexos -- Versión definitiva.
526 _aSEG44
526 _aSEG26
526 _aP151
526 _aP150
526 _aP149
526 _aP146
526 _aP145
526 _aP126
526 _aP125
526 _aP92
526 _aP75
526 _aP74
526 _aP27
526 _aP15
541 _g015-0010702;
650 0 4 _aInvestigación.
650 0 4 _aRedacción de informes.
910 _agl20090826
942 _2ddc
_cBOOK
949 _a001.422 602 S31
_wDEWEY
_c1
_i60126
_lCCODEBUL1
_mBUL
_p18.00
_r0
_sY
_tBOOK
_u2015-7-6
_xFCE
_PP08
_0COMPRA
_o.STAFF. Colección General
994 _aC0
_bPEPRU
596 _a1
999 _a001.422 602 S31
_wDEWEY
_c49620
_i60126
_f2021-11-4
_g6
_lCCODEBUL1
_mBUL
_p18.00
_r0
_sY
_tBOOK
_u2015-7-6
_xBIBLIOTECA
_PP08
_0COMPRA
_o.STAFF. Colección General
_d49620
980 _81
_gALBERTO SANCHEZ Responsable de Automatización